[Event "Belgrade-chT Quality"]
[Site "Belgrade"]
[Date "2018.09.20"]
[Round "4.2"]
[White "Dimic, Pavle"]
[Black "Vencl, Radivoje"]
[Result "1-0"]
[WhiteElo "2343"]
[BlackElo "2270"]
[PlyCount "65"]
[EventDate "2018.09.17"]
[EventType "team-tourn"]
[EventRounds "11"]
[EventCountry "SRB"]
[SourceTitle "CBM 186 Extra"]
[Source "ChessBase"]
[SourceDate "2018.08.24"]
[SourceVersion "1"]
[SourceVersionDate "2018.08.24"]
[SourceQuality "1"]
[WhiteTeam "Rudovci Radnicki"]
[BlackTeam "MZ Cirilo i Metodije"]
[WhiteTeamCountry "SRB"]
[BlackTeamCountry "SRB"]

1. d4 d5 2. c4 c6 3. Nc3 Nf6 4. e3 Bf5 5. cxd5 Nxd5 6. Nge2 e6 7. e4 Nxc3 8. Nxc3 Bg6 9. Be3 Be7 10. Be2 0-0 11. 0-0 Re8 12. Qb3 Qd7 13. Rfd1 Rd8 14. Rac1 b6 15. d5 cxd5 16. exd5 e5 17. d6 Bf8 18. Bg5 Rc8 19. Bb5 Qf5 20. d7 Nxd7 21. Bxd7 Qxg5 22. Bxc8 Rxc8 23. Qd5 h5 24. Qd2 Qxd2 25. Rxd2 Bb4 26. Rdd1 Re8 27. Nb5 a5 28. Nc7 Rf8 29. Na6 Ra8 30. Nxb4 axb4 31. Rc4 Rxa2 32. Rxb4 Ra6 33. f3 1-0

[Event "Belgrade-chT"]
[Site "Belgrade"]
[Date "2016.10.21"]
[Round "12.5"]
[White "Vencl, Radivoje"]
[Black "Savic, Dragoljub"]
[Result "1/2-1/2"]
[WhiteElo "2298"]
[BlackElo "2082"]
[PlyCount "42"]
[EventDate "2016.10.08"]
[EventType "team-tourn"]
[EventRounds "13"]
[EventCountry "SRB"]
[SourceTitle "CBM 175 Extra"]
[Source "ChessBase"]
[SourceDate "2016.12.12"]
[SourceVersion "1"]
[SourceVersionDate "2016.12.12"]
[SourceQuality "1"]
[WhiteTeam "Cyril i Metodije"]
[BlackTeam "Lasta"]
[WhiteTeamCountry "SRB"]
[BlackTeamCountry "SRB"]

1. d4 Nf6 2. g3 g6 3. Bg2 Bg7 4. e4 d6 5. c3 0-0 6. Ne2 e5 7. 0-0 Nc6 8. h3 Re8 9. d5 Ne7 10. c4 Nd7 11. Nbc3 f5 12. f3 a5 13. Be3 Nc5 14. a3 Na6 15. b4 c5 16. bxc5 Nxc5 17. Bxc5 dxc5 18. Rb1 Bh6 19. Qd3 Nc6 20. Na4 Nd4 21. Nxc5 Qe7 1/2-1/2

[Event "Belgrade-chT"]
[Site "Belgrade"]
[Date "2016.10.19"]
[Round "11.4"]
[White "Mihic, Bojan"]
[Black "Vencl, Radivoje"]
[Result "1/2-1/2"]
[WhiteElo "2382"]
[BlackElo "2298"]
[PlyCount "77"]
[EventDate "2016.10.08"]
[EventType "team-tourn"]
[EventRounds "13"]
[EventCountry "SRB"]
[SourceTitle "CBM 175 Extra"]
[Source "ChessBase"]
[SourceDate "2016.12.12"]
[SourceVersion "1"]
[SourceVersionDate "2016.12.12"]
[SourceQuality "1"]
[WhiteTeam "Belgrade Sigurnost"]
[BlackTeam "Cyril i Metodije"]
[WhiteTeamCountry "SRB"]
[BlackTeamCountry "SRB"]

1. Nf3 Nf6 2. c4 c6 3. b3 d5 4. e3 Bg4 5. Be2 e6 6. Bb2 Nbd7 7. 0-0 Bd6 8. Nc3 0-0 9. h3 Bh5 10. Rc1 Qe7 11. cxd5 exd5 12. Nh4 Bxe2 13. Nxe2 g6 14. Qc2 Ba3 15. Nf3 Bxb2 16. Qxb2 Ne4 17. Nf4 Ng5 18. Nxg5 Qxg5 19. b4 Nb6 20. b5 c5 21. a4 Rfd8 22. Qa2 Rac8 23. a5 Nc4 24. d3 Ne5 25. d4 Nf3+ 26. Kh1 Nxd4 27. Rfd1 Nxb5 28. Nxd5 Rd6 29. f4 Qd8 30. e4 Nc7 31. Rxc5 Nxd5 32. Rcxd5 Rxd5 33. Rxd5 Qc7 34. Qf2 Qc2 35. Rd8+ Kg7 36. Qd4+ Kh6 37. Rxc8 Qxc8 38. Qd6 Kg7 39. Kh2 1/2-1/2

[Event "Belgrade-chT"]
[Site "Belgrade"]
[Date "2015.09.28"]
[Round "7.3"]
[White "Vencl, Radivoje"]
[Black "Vujicic, Mirko"]
[Result "1-0"]
[WhiteElo "2290"]
[BlackElo "2268"]
[PlyCount "39"]
[EventDate "2015.09.21"]
[EventType "team-tourn"]
[EventRounds "9"]
[EventCountry "SRB"]
[SourceTitle "CBM 168 Extra"]
[Source "ChessBase"]
[SourceDate "2015.10.29"]
[SourceVersion "1"]
[SourceVersionDate "2015.10.29"]
[SourceQuality "1"]
[WhiteTeam "MZ Cirilo i Metodije"]
[BlackTeam "Politika"]
[WhiteTeamCountry "SRB"]
[BlackTeamCountry "SRB"]

1. d4 Nf6 2. Nf3 g6 3. c3 Bg7 4. Bg5 c5 5. e3 0-0 6. Nbd2 b6 7. Bd3 Bb7 8. Qe2 d5 9. h4 Nbd7 10. Bf4 Ne4 11. h5 Rc8 12. hxg6 fxg6 13. Ng5 e5 14. Ne6 Qe7 15. Nxf8 Rxf8 16. dxe5 Nxe5 17. Nxe4 dxe4 18. Bc4+ Kh8 19. Bxe5 Bxe5 20. 0-0-0 1-0

[Event "Belgrade-chT"]
[Site "Belgrade"]
[Date "2015.09.27"]
[Round "6.4"]
[White "Sarenac, David"]
[Black "Vencl, Radivoje"]
[Result "1-0"]
[WhiteElo "2306"]
[BlackElo "2290"]
[PlyCount "85"]
[EventDate "2015.09.21"]
[EventType "team-tourn"]
[EventRounds "9"]
[EventCountry "SRB"]
[SourceTitle "CBM 168 Extra"]
[Source "ChessBase"]
[SourceDate "2015.10.29"]
[SourceVersion "1"]
[SourceVersionDate "2015.10.29"]
[SourceQuality "1"]
[WhiteTeam "Belgrade Sigurnost"]
[BlackTeam "MZ Cirilo i Metodije"]
[WhiteTeamCountry "SRB"]
[BlackTeamCountry "SRB"]

1. e4 e5 2. Nf3 Nf6 3. d4 Nxe4 4. dxe5 d5 5. Nbd2 Nc5 6. Nb3 Nxb3 7. axb3 Be7 8. Bd3 Bg4 9. 0-0 Nd7 10. Re1 Nc5 11. Be2 Ne6 12. h3 Bh5 13. c3 0-0 14. b4 a6 15. Qb3 c6 16. Be3 Qc7 17. g4 Bg6 18. c4 Be4 19. Qc3 Bxf3 20. Bxf3 d4 21. Bxd4 Nxd4 22. Qxd4 Bxb4 23. Re2 Rad8 24. Qe3 Qe7 25. Bg2 Bc5 26. Qb3 g6 27. Rd1 Rd4 28. Rde1 Bb4 29. Rd1 Rxd1+ 30. Qxd1 Rd8 31. Qc1 Bc5 32. Qf4 Qe6 33. Re4 Kg7 34. h4 Bb4 35. g5 Qf5 36. Qe3 Bd2 37. Qe2 Qd7 38. e6 Qd6 39. c5 Qd5 40. Re3 Qxc5 41. e7 Re8 42. Qxd2 Rxe7 43. b4 1-0

[Event "Belgrade-chT"]
[Site "Belgrade"]
[Date "2015.09.21"]
[Round "1.2"]
[White "Spiric, Igor"]
[Black "Vencl, Radivoje"]
[Result "0-1"]
[WhiteElo "2285"]
[BlackElo "2290"]
[PlyCount "72"]
[EventDate "2015.09.21"]
[EventType "team-tourn"]
[EventRounds "9"]
[EventCountry "SRB"]
[SourceTitle "CBM 168 Extra"]
[Source "ChessBase"]
[SourceDate "2015.10.29"]
[SourceVersion "1"]
[SourceVersionDate "2015.10.29"]
[SourceQuality "1"]
[WhiteTeam "Romanticari"]
[BlackTeam "MZ Cirilo i Metodije"]
[WhiteTeamCountry "SRB"]
[BlackTeamCountry "SRB"]

1. d4 d5 2. c4 c6 3. Nf3 Nf6 4. e3 Bg4 5. Nbd2 e6 6. Be2 Nbd7 7. h3 Bh5 8. 0-0 Bd6 9. b3 0-0 10. Bb2 a5 11. Ne5 Bxe2 12. Qxe2 a4 13. c5 Bc7 14. b4 Ne8 15. f4 f6 16. Nd3 f5 17. Ne5 Nef6 18. g4 Ne4 19. Nxe4 fxe4 20. g5 Bxe5 21. dxe5 b6 22. Bd4 bxc5 23. bxc5 Qe7 24. Rab1 Nxc5 25. Bxc5 Qxc5 26. Rfc1 Qa7 27. Rxc6 Rxf4 28. Rxe6 Rf3 29. Reb6 Raf8 30. Rb7 Qc5 31. R1b5 Qc3 32. Rxd5 Rg3+ 33. Kh2 Rxe3 34. Qg2 Ref3 35. g6 hxg6 36. e6 Rf2 0-1

[Event "Belgrade-chT"]
[Site "Belgrade"]
[Date "2014.09.28"]
[Round "9.5"]
[White "Vencl, Radivoje"]
[Black "Mihic, Bojan"]
[Result "1/2-1/2"]
[WhiteElo "2271"]
[BlackElo "2398"]
[PlyCount "35"]
[EventDate "2014.09.20"]
[EventType "team-tourn"]
[EventRounds "11"]
[EventCountry "SRB"]
[SourceTitle "CBM 162 Extra"]
[Source "ChessBase"]
[SourceDate "2014.10.17"]
[SourceVersion "1"]
[SourceVersionDate "2014.10.17"]
[SourceQuality "1"]
[WhiteTeam "Cirilo i Metodije"]
[BlackTeam "Grocka"]
[WhiteTeamCountry "SRB"]
[BlackTeamCountry "SRB"]

1. e4 e6 2. d4 d5 3. Nd2 a6 4. Ngf3 Nf6 5. e5 Nfd7 6. Nb3 c5 7. c3 Nc6 8. Be2 Be7 9. 0-0 0-0 10. Be3 c4 11. Nbd2 f6 12. exf6 Bxf6 13. Re1 e5 14. dxe5 Ndxe5 15. Nxe5 Nxe5 16. Nf3 Bf5 17. Nxe5 Bxe5 18. Bf3 1/2-1/2

[Event "Belgrade-chT"]
[Site "Belgrade"]
[Date "2014.09.24"]
[Round "5.3"]
[White "Vencl, Radivoje"]
[Black "Benderac, Ana"]
[Result "1/2-1/2"]
[WhiteElo "2271"]
[BlackElo "2199"]
[PlyCount "78"]
[EventDate "2014.09.20"]
[EventType "team-tourn"]
[EventRounds "11"]
[EventCountry "SRB"]
[SourceTitle "CBM 162 Extra"]
[Source "ChessBase"]
[SourceDate "2014.10.17"]
[SourceVersion "1"]
[SourceVersionDate "2014.10.17"]
[SourceQuality "1"]
[WhiteTeam "Cirilo i Metodije"]
[BlackTeam "Belgrade Radnicki Rudovci"]
[WhiteTeamCountry "SRB"]
[BlackTeamCountry "SRB"]

1. e4 e5 2. Nf3 d6 3. d4 exd4 4. Nxd4 Nf6 5. Nc3 Be7 6. Bd3 0-0 7. 0-0 Nc6 8. Nxc6 bxc6 9. Ne2 Nd7 10. Ng3 Rb8 11. c3 Ne5 12. Be2 Ng6 13. Qa4 c5 14. Qxa7 Be6 15. Qa4 Ra8 16. Qc2 Bxa2 17. Be3 Be6 18. f4 Rxa1 19. Rxa1 Qb8 20. b4 Bd7 21. bxc5 dxc5 22. Bc4 Bc6 23. Qa2 Qb7 24. Ba6 Qa8 25. Bd3 Qxa2 26. Rxa2 Rd8 27. Bc2 Ra8 28. Rxa8+ Bxa8 29. e5 Bd5 30. Ne4 c4 31. g3 Ba3 32. Kf2 Ne7 33. Ke2 Nc6 34. Nc5 Na5 35. Na6 c6 36. Bc5 Bb2 37. Bb4 Nb3 38. Ke3 Bc1+ 39. Ke2 Bb2 1/2-1/2

[Event "Belgrade-chT"]
[Site "Belgrade"]
[Date "2014.09.22"]
[Round "3.2"]
[White "Vencl, Radivoje"]
[Black "Sarenac, Ivan"]
[Result "1/2-1/2"]
[WhiteElo "2271"]
[BlackElo "2403"]
[PlyCount "139"]
[EventDate "2014.09.20"]
[EventType "team-tourn"]
[EventRounds "11"]
[EventCountry "SRB"]
[SourceTitle "CBM 162 Extra"]
[Source "ChessBase"]
[SourceDate "2014.10.17"]
[SourceVersion "1"]
[SourceVersionDate "2014.10.17"]
[SourceQuality "1"]
[WhiteTeam "Cirilo i Metodije"]
[BlackTeam "Delfin"]
[WhiteTeamCountry "SRB"]
[BlackTeamCountry "SRB"]

1. d4 Nf6 2. Nf3 g6 3. g3 Bg7 4. Bg2 d5 5. 0-0 0-0 6. c3 Nc6 7. Bf4 Bf5 8. Ne5 Nxe5 9. Bxe5 Qd7 10. Nd2 Bh3 11. Bxf6 Bxf6 12. Bxh3 Qxh3 13. f4 b6 14. e3 Bg7 15. Qf3 Qd7 16. Rf2 c5 17. Rd1 Rad8 18. Nb3 Qc6 19. Rfd2 c4 20. Nc1 b5 21. Re1 f5 22. g4 fxg4 23. Qxg4 a5 24. a3 Qd6 25. Rg2 b4 26. axb4 axb4 27. Kh1 bxc3 28. bxc3 Qd7 29. Qd1 Ra8 30. Reg1 Ra3 31. Qd2 Qf5 32. Qc2 Qxc2 33. Rxc2 e6 34. Ne2 Rfa8 35. Rb1 Rb3 36. Rbc1 Bf6 37. Kg2 Kf7 38. Kf3 g5 39. Rf1 Rg8 40. Ra1 Rb7 41. Rca2 g4+ 42. Kg3 h5 43. Ra7 h4+ 44. Kf2 Rxa7 45. Rxa7+ Kg6 46. e4 dxe4 47. Ke3 Rb8 48. Ra6 Rb1 49. Rxe6 Rh1 50. Kxe4 Rxh2 51. f5+ Kf7 52. Nf4 Rf2 53. Rb6 h3 54. Nh5 Bh4 55. Rb7+ Kg8 56. Rg7+ Kf8 57. Rxg4 Bd8 58. Nf4 h2 59. Ne6+ Ke7 60. Rg7+ Kd6 61. Rh7 Ba5 62. Nf4 Bxc3 63. Rh6+ Kd7 64. Rh7+ Ke8 65. d5 Bf6 66. d6 Rd2 67. d7+ Rxd7 68. Rxh2 Rd4+ 69. Ke3 Be5 70. Rh6 1/2-1/2

[Event "SRB-chT2 West CS"]
[Site "Serbia"]
[Date "2012.09.15"]
[Round "2.1"]
[White "Gavrilovic, Leonardo"]
[Black "Vencl, Radivoje"]
[Result "0-1"]
[WhiteElo "2279"]
[BlackElo "2326"]
[PlyCount "86"]
[EventDate "2012.09.14"]
[EventType "team"]
[EventRounds "10"]
[EventCountry "SRB"]
[SourceTitle "EXT 2015"]
[Source "ChessBase"]
[SourceDate "2014.11.20"]
[SourceVersion "1"]
[SourceVersionDate "2014.11.20"]
[SourceQuality "1"]

1. e4 d5 2. exd5 Qxd5 3. Nc3 Qa5 4. d4 c6 5. Nf3 Nf6 6. Bc4 Bf5 7. Ne5 e6 8. 0-0 Nbd7 9. Nxd7 Nxd7 10. Re1 Be7 11. Bf4 Nb6 12. Bb3 Rd8 13. Be5 0-0 14. Qf3 Nd7 15. Bf4 Nf6 16. Be3 Bb4 17. h3 Bxc3 18. bxc3 Qxc3 19. Qg3 Nd5 20. Bf4 Qxg3 21. Bxg3 Nc3 22. Be5 Rfe8 23. Re3 Nd5 24. Ree1 f6 25. Bh2 h5 26. c4 Nb4 27. Rad1 Nd3 28. Re3 Rxd4 29. Bc2 Red8 30. Bxd3 Bxd3 31. c5 e5 32. f4 e4 33. f5 R8d5 34. g4 Rxc5 35. Bf4 Rc2 36. Kh1 hxg4 37. hxg4 c5 38. Rg3 Be2 39. Rb1 Bf3+ 40. Kg1 Rb4 41. Rxb4 cxb4 42. g5 Kf7 43. g6+ Kg8 0-1

[Event "SRB-chT Central"]
[Site "Kraljevo"]
[Date "2011.09.24"]
[Round "10.2"]
[White "Vencl, Radivoje"]
[Black "Todorovic, Goran N"]
[Result "1/2-1/2"]
[WhiteElo "2315"]
[BlackElo "2396"]
[PlyCount "142"]
[EventDate "2011.09.17"]
[EventType "team-tourn"]
[EventRounds "11"]
[EventCountry "SRB"]
[SourceTitle "CBM 144 Extra"]
[Source "ChessBase"]
[SourceDate "2011.10.28"]
[SourceVersion "1"]
[SourceVersionDate "2011.10.28"]
[SourceQuality "1"]
[WhiteTeam "Ribnica"]
[BlackTeam "Jasenica"]
[WhiteTeamCountry "YUG"]
[BlackTeamCountry "YUG"]

1. d4 Nf6 2. Nf3 e6 3. Bg5 b6 4. Nbd2 Bb7 5. e3 Be7 6. h3 c5 7. c3 cxd4 8. exd4 d6 9. Bb5+ Nbd7 10. Qe2 0-0 11. 0-0 a6 12. Bd3 Re8 13. Rfe1 Qc7 14. Ne4 Qc6 15. Rad1 Nxe4 16. Bxe4 Qxe4 17. Qxe4 Bxe4 18. Rxe4 d5 19. Re2 Bd6 20. Ne1 b5 21. Nd3 a5 22. a3 Rec8 23. g4 Nb6 24. Bc1 Nc4 25. Rc2 f6 26. f4 Kf7 27. Re1 Ra7 28. Rce2 Re7 29. Kg2 Rce8 30. h4 a4 31. Rd1 h5 32. g5 Bc7 33. Be3 Nd6 34. Bf2 Nf5 35. Kf3 Bd6 36. Rg1 Rc7 37. Be1 Rcc8 38. Rh1 Ke7 39. Rg1 Kd7 40. gxf6 gxf6 41. Rg6 Ke7 42. Rg1 Rg8 43. Reg2 Rxg2 44. Rxg2 Kf7 45. Rg1 Rh8 46. Rg2 Rh6 47. Rg1 Ne7 48. Bg3 Rg6 49. Bf2 Rxg1 50. Bxg1 Kg6 51. Ne1 Nf5 52. Bf2 Nh6 53. Bg3 Kf5 54. Nc2 Ng4 55. Ne1 e5 56. fxe5 fxe5 57. dxe5 Nxe5+ 58. Bxe5 Bxe5 59. Nc2 Bf6 60. Nd4+ Ke5 61. Nxb5 Bxh4 62. Nd4 Bg5 63. b3 axb3 64. Nxb3 Kd6 65. Nd4 Bd8 66. Nf5+ Kc5 67. a4 Ba5 68. Ne3 Bxc3 69. Nxd5 Kxd5 70. a5 Bxa5 71. Kg2 Ke4 1/2-1/2

[Event "SRB-chT Central"]
[Site "Kraljevo"]
[Date "2011.09.19"]
[Round "4"]
[White "Martinovic, Slobodan"]
[Black "Vencl, Radivoje"]
[Result "1-0"]
[WhiteElo "2436"]
[BlackElo "2315"]
[PlyCount "100"]
[EventDate "2011.09.17"]
[EventType "team-tourn"]
[EventRounds "11"]
[EventCountry "SRB"]
[SourceTitle "CBM 144 Extra"]
[Source "ChessBase"]
[SourceDate "2011.10.28"]
[SourceVersion "1"]
[SourceVersionDate "2011.10.28"]
[SourceQuality "1"]
[WhiteTeam "Sloga Amiga"]
[BlackTeam "Ribnica"]
[WhiteTeamCountry "YUG"]
[BlackTeamCountry "YUG"]

1. Nf3 d5 2. g3 c6 3. Bg2 Nf6 4. 0-0 Bg4 5. d4 e6 6. Nbd2 Nbd7 7. Re1 Be7 8. e4 dxe4 9. Nxe4 Nxe4 10. Rxe4 Nf6 11. Re1 0-0 12. c3 Qb6 13. Qb3 Qxb3 14. axb3 Bxf3 15. Bxf3 a6 16. b4 Rad8 17. Bg2 Rd7 18. f4 g6 19. Bf3 h5 20. Kg2 Kg7 21. Bd1 Bd6 22. Kf3 Rh8 23. h3 Rdd8 24. Bd2 Bc7 25. Bc2 Bb6 26. Rh1 Nd7 27. Rae1 Rhe8 28. Re2 Rh8 29. Bc1 Nf6 30. Reh2 Nd5 31. Re2 Rhe8 32. Bd2 Nf6 33. Ree1 Nd7 34. Be3 Nf6 35. Bb3 Nd5 36. Bc1 Kf8 37. g4 hxg4+ 38. hxg4 Kg7 39. f5 exf5 40. Bh6+ Kg8 41. gxf5 Rxe1 42. Rxe1 gxf5 43. Bxd5 Rxd5 44. Re7 Kh7 45. Bf4 Bxd4 46. cxd4 Rxd4 47. Rxf7+ Kg6 48. Rxb7 Rd3+ 49. Ke2 Rb3 50. Be5 f4 1-0

[Event "SRB-chT Central"]
[Site "Kraljevo"]
[Date "2011.09.18"]
[Round "3"]
[White "Vencl, Radivoje"]
[Black "Mijailovic, Zoran"]
[Result "0-1"]
[WhiteElo "2315"]
[BlackElo "2414"]
[PlyCount "78"]
[EventDate "2011.09.17"]
[EventType "team-tourn"]
[EventRounds "11"]
[EventCountry "SRB"]
[SourceTitle "CBM 144 Extra"]
[Source "ChessBase"]
[SourceDate "2011.10.28"]
[SourceVersion "1"]
[SourceVersionDate "2011.10.28"]
[SourceQuality "1"]
[WhiteTeam "Ribnica"]
[BlackTeam "Jelica"]
[WhiteTeamCountry "YUG"]
[BlackTeamCountry "YUG"]

1. d4 c5 2. d5 Nf6 3. Nc3 g6 4. e4 d6 5. Bg5 Bg7 6. Bb5+ Bd7 7. Bxd7+ Nbxd7 8. Nge2 b5 9. f3 b4 10. Na4 0-0 11. 0-0 Qa5 12. c3 bxc3 13. Naxc3 Rfb8 14. b3 Ne8 15. Rc1 Qd8 16. Qc2 Nc7 17. Rb1 Nb5 18. Nxb5 Rxb5 19. Nc3 Rb7 20. f4 Qa5 21. Ne2 Nf6 22. Rfd1 Qb4 23. Bxf6 Bxf6 24. Kf2 Rab8 25. Kf3 Qa3 26. Rd3 Rb4 27. Re3 Qa6 28. Rd1 c4 29. e5 cxb3 30. axb3 dxe5 31. fxe5 Bxe5 32. g3 Bf6 33. Kg2 Qb7 34. Rdd3 Rc8 35. Qd1 Rd8 36. Rf3 Rd6 37. h4 Rb5 38. Nc3 Bxc3 39. Rxc3 Rbxd5 0-1

[Event "Belgrade-chT"]
[Site "Belgrade"]
[Date "2009.10.08"]
[Round "5"]
[White "Peovic, Milos"]
[Black "Vencl, Radivoje"]
[Result "1-0"]
[WhiteElo "2265"]
[BlackElo "2300"]
[PlyCount "83"]
[EventDate "2009.10.04"]
[EventType "team-tourn"]
[EventRounds "9"]
[EventCountry "YUG"]
[SourceTitle "CBM 132 Extra"]
[Source "ChessBase"]
[SourceDate "2009.11.03"]
[SourceVersion "1"]
[SourceVersionDate "2009.11.03"]
[SourceQuality "1"]

1. d4 d5 2. Nf3 c6 3. g3 Nf6 4. Bg2 Bf5 5. 0-0 e6 6. Bf4 h6 7. c4 Nbd7 8. Qb3 Qb6 9. c5 Qxb3 10. axb3 g5 11. Bc1 Bg7 12. b4 0-0 13. Nc3 Ne4 14. e3 a6 15. Nxe4 Bxe4 16. Nd2 Bd3 17. Re1 e5 18. Ra3 Bg6 19. Nb3 Rfe8 20. Bd2 e4 21. Na5 Rab8 22. Bf1 Re6 23. Be2 f5 24. Bc3 h5 25. Rea1 Nf6 26. Nxb7 Rxb7 27. Rxa6 Ree7 28. Rxc6 Be8 29. Rc8 Kf7 30. c6 Rbc7 31. Rxc7 Rxc7 32. b5 Ke6 33. Ra8 Bf8 34. Ba5 Bd6 35. Bxc7 Bxc7 36. Ra6 Bd6 37. c7 Bd7 38. b6 Bc8 39. Ra8 Nd7 40. Rxc8 Nxb6 41. Rg8 Bxc7 42. Rxg5 1-0